Cyclisme - Grand Quiz sur le Tour de France - Statistiques

Statistiques générales
  • Ce quiz a été pris 729 fois
  • Le résultat moyen est 23 sur 40
Statistiques - réponses
Thème Description Réponse % Correct
Villes les plus visitées Ile-de-France Paris
95%
Recordmans de victoires finales (5 victoires) 1969, 1970, 1971, 1972 et 1974 Eddy Merckx
94%
Records des classements annexes Maillots blancs (4) Tadej Pogačar
91%
Recordmans de victoires finales (5 victoires) 1978, 1979, 1981, 1982 et 1985 Bernard Hinault
90%
Records des classements annexes Victoires d'étapes (35) Mark Cavendish
88%
Records des classements annexes Maillots verts (7) Peter Sagan
88%
Villes les plus visitées Nouvelle-Aquitaine Bordeaux
77%
Ascensions mythiques par indice Le Géant des Pyrénées Col du Tourmalet
77%
Autour du Tour Radio qui informe les journalistes et directeurs sportifs de tous les évènements en temps réel Radio-Tour
77%
Autour du Tour Marque de saucisson participant à la caravane publicitaire depuis 1997 Cochonou
76%
Ascensions mythiques par indice Virage des Hollandais Alpe D'Huez
73%
Villes étrangères "Grand Départ" 2022 Copenhague
73%
Origines du Tour de France Année de la première édition 1903
72%
Recordmans de victoires finales (5 victoires) 1957, 1961, 1962, 1963 et 1964 Jacques Anquetil
72%
Recordmans de victoires finales (5 victoires) 1991, 1992, 1993, 1994 et 1995 Miguel Indurain
72%
Tour de France Femmes Ancienne cycliste devenue directrice de cette nouvelle formule du Tour Marion Rousse
67%
Villes étrangères "Grand Départ" 2019 Bruxelles
66%
Villes les plus visitées Nouvelle-Aquitaine Pau
66%
Ascensions mythiques par indice Roglič vs Pogačar 2020 La Planche des Belles Filles
64%
Records des classements annexes Maillots à pois (7) Richard Virenque
63%
Ecarts entre le vainqueur et son dauphin Plus petit écart(8 secondes) 2e Laurent Fignon
62%
Ecarts entre le vainqueur et son dauphin Plus petit écart(8 secondes) 1er Greg LeMond
61%
Autres records Nombre de podiums au classement général (8) Raymond Poulidor
57%
Villes étrangères "Grand Départ" 2007 Londres
56%
Ascensions mythiques par indice Andy Schleck 2011 Col du Galibier
54%
Tour de France Femmes Triple vainqueure du Tour de France féminin entre 1987 et 1989 Jeannie Longo
51%
Tour de France Femmes Programme d'entraînement physique parrainant le Tour depuis 2022 Zwift
47%
Origines du Tour de France Journal quotidien à l'origine du Tour L'Auto
46%
Autres records Nombre de participations (18) Sylvain Chavanel
44%
Villes étrangères "Grand Départ" 1954 (1ère ville étrangère) Amsterdam
35%
Tour de France Femmes Première vainqueure de la nouvelle formule du Tour en 2022 Annemiek van Vleuten
35%
Origines du Tour de France Premier vainqueur Maurice Garin
35%
Ascensions mythiques par indice Plus haute route empruntée par le Tour (2802 m) Col de la Bonette
31%
Origines du Tour de France Créateur et premier directeur Henri Desgrange
26%
Ecarts entre le vainqueur et son dauphin Plus grand écart(28 minutes 17 secondes) 1er Fausto Coppi
24%
Anciens maillots distinctifs Coureur le mieux classé dans tous les autres classements Maillots du combiné
21%
Autres records Plus jeune vainqueur(19 ans et 352 jours) Henri Cornet
16%
Anciens maillots distinctifs Classement des sprints intermédiaires Maillot rouge
10%
Autres records Plus vieux vainqueur(36 ans et 131 jours) Firmin Lambot
8%
Ecarts entre le vainqueur et son dauphin Plus grand écart(28 minutes 17 secondes) 2e Stan Ockers
4%
Aucun quiz correspondant
Distribution des résultats
% des personnes avec chaque résultat
Percentile par nombre de réponses
Votre historique - résultats
Vous n’avez pas pris ce quiz